000
00273nam a22001097a 4500
008
180806b xxu||||| |||| 00| 0 eng d
082
_a
813.52
245
_a
Laparascopy for gynecology and oncology
_c
HATACH.K.D
300
_a
1
_f
CD
440
_x
18006383030
942
_2
ddc
_c
MX
999
_c
46863
_d
46863